Currency ISO Codes - Statistics

General Stats
  • This quiz has been taken 739 times
  • The average score is 45 of 156
Answer Stats
Currency ISO Code % Correct
US Dollar USD
90%
Euro EUR
85%
Australian Dollar AUD
78%
Canadian Dollar CAD
73%
Pound Sterling GBP
65%
New Zealand Dollar NZD
61%
Japanese Yen JPY
59%
Hong Kong Dollar HKD
55%
Indian Rupee INR
55%
Czech Koruna CZK
51%
Bahraini Dinar BHD
50%
Albanian Lek ALL
48%
Egyptian Pound EGP
48%
Fiji Dollar FJD
48%
Jamaican Dollar JMD
48%
Indonesian Rupiah IDR
47%
Iranian Rial IRR
46%
Lao Kip LAK
46%
Saudi Riyal SAR
45%
Cuban Peso CUP
44%
Hungarian Forint HUF
44%
Iraqi Dinar IQD
44%
Lebanese Pound LBP
44%
Norwegian Krone NOK
44%
Thai Baht THB
44%
Kuwaiti Dinar KWD
43%
Pakistan Rupee PKR
43%
Singapore Dollar SGD
43%
Bermudian Dollar BMD
42%
Colombian Peso COP
42%
Jordanian Dinar JOD
42%
Philippine Peso PHP
42%
Belize Dollar BZD
41%
Guyana Dollar GYD
41%
Kazakhstani Tenge KZT
41%
Omani Rial OMR
41%
Djibouti Franc DJF
40%
Libyan Dinar LYD
40%
Qatari Rial QAR
40%
Swiss Franc CHF
39%
Costa Rican Colon CRC
39%
Ethiopian Birr ETB
39%
Georgian Lari GEL
39%
Kenyan Shilling KES
39%
Barbados Dollar BBD
38%
Namibia Dollar NAD
38%
Swedish Krona SEK
38%
New Taiwan Dollar TWD
38%
Dominican Peso DOP
37%
Nepalese Rupee NPR
37%
Russian Ruble RUB
37%
Eritrean Nakfa ERN
36%
Lesotho Loti LSL
36%
Malaysian Ringgit MYR
36%
Saint Helena Pound SHP
36%
Chilean Peso CLP
35%
Cabo Verde Escudo CVE
35%
Danish Krone DKK
35%
Gibraltar Pound GIP
35%
Surinamese Dollar SRD
35%
Syrian Pound SYP
35%
Iceland Krona ISK
34%
Kyrgyz Som KGS
34%
Moroccan Dirham MAD
34%
Rwanda Franc RWF
34%
Trinidad and Tobago Dollar TTD
34%
Brunei Dollar BND
33%
Gambian Dalasi GMD
32%
Haitian Gourde HTG
32%
Liberian Dollar LRD
32%
Tanzanian Shilling TZS
32%
Bolivian Boliviano BOB
31%
Brazilian Real BRL
31%
South Korean Won KRW
31%
Nigerian Naira NGN
31%
Moldovan Leu MDL
30%
Panamanian Balboa PAB
30%
Papua New Guinean Kina PGK
30%
South Sudanese Pound SSP
30%
Tunisian Dinar TND
30%
Armenian Dram AMD
29%
Guatemalan Quetzal GTQ
29%
Tajikistani Somoni TJS
29%
UAE Dirham AED
28%
Guinean Franc GNF
28%
Malawi Kwacha MWK
28%
Uzbekistan Sum UZS
28%
Falkland Islands Pound FKP
27%
Honduran Lempira HNL
27%
Somali Shilling SOS
27%
Vietnamese Dong VND
27%
Yemeni Rial YER
27%
Mongolian Tugrik MNT
26%
Botswanan Pula BWP
25%
Yuan Renminbi CNY
25%
Malagasy Ariary MGA
25%
South African Rand ZAR
25%
Maldivian Rufiyaa MVR
24%
Paraguayan Guarani PYG
24%
Solomon Islands Dollar SBD
24%
Tongan Pa’anga TOP
24%
Bhutanese Ngultrum BTN
23%
Mauritius Rupee MUR
23%
New Israeli Sheqel ILS
22%
Myanmar Kyat MMK
21%
Swazi Lilangeni SZL
21%
Bangladeshi Taka BDT
20%
Seychelles Rupee SCR
20%
Netherlands Antillean Guilder ANG
19%
Macedonian Denar MKD
19%
Afghan Afghani AFN
18%
Cuban Peso Convertible CUC
18%
Macanese Pataca MOP
17%
El Salvador Colon SVC
17%
Bahamian Dollar BSD
16%
Polish Zloty PLN
16%
Ukrainian Hryvnia UAH
16%
Algerian Dinar DZD
15%
Mexican Peso MXN
15%
Vanuatu Vatu VUV
14%
Argentine Peso ARS
13%
Cambodian Riel KHR
13%
Sri Lanka Rupee LKR
13%
Burundi Franc BIF
12%
Serbian Dinar RSD
12%
Bosnia and Herzegovina Convertible Mark BAM
11%
Peruvian Sol PEN
11%
Turkish Lira TRY
11%
Azerbaijan Manat AZN
10%
Romanian Leu RON
10%
North Korean Won KPW
9%
Bulgarian Lev BGN
8%
Sierra Leonean Leone SLE
8%
Cayman Islands Dollar KYD
7%
Samoan Tala WST
7%
Central African CFA Franc XAF
7%
Congolese Franc CDF
6%
Uruguayan Peso UYU
6%
East Caribbean Dollar XCD
6%
Angolan Kwanza AOA
5%
Belarusian Ruble BYN
5%
Ghana Cedi GHS
5%
Comorian Franc KMF
5%
Mauritanian Ouguiya MRU
5%
Turkmenistan New Manat TMT
5%
West African CFA Franc XOF
5%
Aruban Florin AWG
4%
Nicaraguan Cordoba NIO
4%
Venezuelan Bolívar VES
4%
CFP Franc XPF
4%
Zambian Kwacha ZMW
4%
Mozambique Metical MZN
3%
Sudanese Pound SDG
3%
São Tomé and Príncipe Dobra STN
3%
Uganda Shilling UGX
3%
Zimbabwe Dollar ZWL
3%
No matching quizzes found
Score Distribution
Percent of People with Each Score
Percentile by Number Answered
Your Score History
You have not taken this quiz